000 01124nam a2200289 i 4500
003 EG-ScBUE
005 20250716083124.0
008 090621s1964 nyua f b 001 0 eng d
040 _aEG-ScBUE
_beng
_erda
_cEG-ScBUE
_dEG-ScBUE
041 1 _aeng
_hrus
082 0 4 _222
_a541.363
_bPAL
100 1 _aPalatnik, L. S.
_q(Lev Samoĭlovich),
_d1909-
_eauthor.
245 _aPhase equilibria in multicomponent systems /
_cL. S. Palatnik and A. I. Landau ; translated by Scripta Technica, Inc ; edited by Joseph Joffe, chairman.
264 1 _aNew York :
_bHolt, Rwinhart and Winston,
_c1964.
300 _a454 pages :
_billustrations ;
_c29 cm
336 _2rdacontent
_atext
_btxt
337 _aunmediated
_2rdamedia
_bn
338 _avolume
_bnc
_2rdacarrier
504 _aIncludes bibliographical references and index.
546 _aText in English ; translated from the original Russian language.
650 7 _96254
_aPhase rule and equilibrium.
_2BUEsh
655 _vReading book
700 1 _aLandau, A. I.,
_eauthor.
700 1 _aTechnica, Scripta,
_etranslator.
700 1 _aJoffe, Joseph,
_eeditor.
942 _2ddc
_cBB
999 _c11916
_d11916